South Eastern Kenya University

Library Online Public Access Catalogue


Mathematics made simple / (Record no. 9911)

MARC details
000 -LEADER
fixed length control field 00682cam a2200181 a 4500
020 ## - INTERNATIONAL STANDARD BOOK NUMBER
International Standard Book Number 0385265840 :
Terms of availability $10.00 ($13.00 Canada)
050 00 - LIBRARY OF CONGRESS CALL NUMBER
Classification number QA39.2
Item number .S684 1990
100 1# - MAIN ENTRY--PERSONAL NAME
Personal name Sperling, Abraham Paul,
Dates associated with a name 1912-
245 10 - TITLE STATEMENT
Title Mathematics made simple /
Statement of responsibility, etc. Abraham Sperling and Monroe Stuart ; edited and prepared for publication by the Stonesong Press, Inc.
250 ## - EDITION STATEMENT
Edition statement 5th ed. /
Remainder of edition statement revised by Christine M. Peckaitis.
260 ## - PUBLICATION, DISTRIBUTION, ETC. (IMPRINT)
Place of publication, distribution, etc. New York :
Name of publisher, distributor, etc. Made Simple Books,
Date of publication, distribution, etc. 1991.
300 ## - PHYSICAL DESCRIPTION
Extent 272 p. :
500 ## - GENERAL NOTE
General note Includes index.
700 1# - ADDED ENTRY--PERSONAL NAME
Personal name Stuart, Monroe.
700 1# - ADDED ENTRY--PERSONAL NAME
Personal name Peckaitis, Christine M.
856 42 - ELECTRONIC LOCATION AND ACCESS
Uniform Resource Identifier <a href="http://www.loc.gov/catdir/description/random0413/89049249.html">http://www.loc.gov/catdir/description/random0413/89049249.html</a>
942 ## - ADDED ENTRY ELEMENTS (KOHA)
Source of classification or shelving scheme Library of Congress Classification
Koha item type General circulation
Holdings
Withdrawn status Lost status Source of classification or shelving scheme Damaged status Not for loan Home library Current library Shelving location Date acquired Total Checkouts Full call number Barcode Date last seen Price effective from Koha item type
    Library of Congress Classification     Kitui Town Campus Library Kitui Town Campus Library General Stacks 21/01/2016   QA39.2 .S684 1990 2016/010728 21/01/2016 21/01/2016 General circulation
Kitui, Kenya.
+254736116989
library@seku.ac.ke